000 00343nam a2200109Ia 4500
008 230822s1999 xx 000 0 und d
041 _aeng
100 _aSUNLIGHT TEACHING PRODUCTS
245 _aMAHARASTRA UNIVERSITIES ACT-1994,EFFECTIVE FROM 21ST JULY 1994 (MARATHI)
260 _bSUNLIGHT TEACHING PRODUCTS ,AHMEDNAGAR
_c1999
300 _a120
999 _c855466
_d855466